=LDR 00000nam 2200000 4500 =001 INLIS000000000042468 =005 20131008015247 =008 ***********************************ind** =035 ##$$0010-101300000000390 =041 ##$$a ind =082 ##$$a 612.842 =090 ##$$a 612.842, Ann i =100 ##$$a Anna Rosdiana =245 ##$$a Irdologi, Teknik diagnosa penyakit melalui pengamatan iris mata, Anna rosdiana; Editor, Muhammad haitami =260 ##$$a 2009 $b Banding =300 ##$$a 64 hlm, Ilus, 21 cm =650 ##$$a IRIDOLOGI - IRISMATA =700 ##$$a Muhammad Haitami =850 ##$$a NBPNMAT